| 000 | 00999nam a22002537a 4500 | ||
|---|---|---|---|
| 005 | 20170124103009.0 | ||
| 010 | _aA-698588 | ||
| 020 | _c60.00 | ||
| 035 | _aA-698588 | ||
| 037 | _bCen Lib/Ret | ||
| 040 |
_aDPL _bHN |
||
| 082 |
_aक _bअग्रवा |
||
| 100 |
_aअग्रवाल, गिरिराजशरण _943015 |
||
| 245 |
_aसमय एक नाटक / _cगिरिराजशरण अग्रवाल |
||
| 246 |
_aSamay ek natak / _bby Girirajsharan Agrawal |
||
| 260 |
_aबिजनौर _bहिंदी साहित्य निकेतन _c1994 |
||
| 270 |
_aसाहित्य विहार _bबिजनौर |
||
| 300 |
_axiii,147पृ. _c17सेमी (सजिल्द) |
||
| 650 |
_aहिन्दी -- साहित्य _956980 |
||
| 650 |
_aहिन्दी -- कहानी _9779 |
||
| 650 |
_aHindi -- Literature _956981 |
||
| 650 |
_aHindi -- story _943117 |
||
| 942 |
_2ddc _cHN _hक _mअग्रवा |
||
| 999 |
_c114480 _d114480 |
||